Mister Jeejeebhoy and the birds / (Record no. 30030)

MARC details
000 -LEADER
fixed length control field 00842nam a22002297a 4500
005 - DATE AND TIME OF LATEST TRANSACTION
control field 20090905094727.0
008 - FIXED-LENGTH DATA ELEMENTS--GENERAL INFORMATION
fixed length control field 090904t xxu||||| |||| 00| 0 eng d
010 ## - LCCN (DPL NO)
LC control number B-357022
020 ## - INTERNATIONAL STANDARD BOOK NUMBER
Terms of availability 395.00
International Standard Book Number 9788189884406
035 ## - SYSTEM CONTROL NUMBER
System control number B-357022
037 ## - SOURCE OF ACQUISITION
Source of stock number/acquisition DBAD / PUB
040 ## - CATALOGING SOURCE
Original cataloging agency dpl
Language of cataloging English
082 ## - DEWEY DECIMAL CLASSIFICATION NUMBER
Classification number S
100 ## - MAIN ENTRY--PERSONAL NAME
Personal name Balachandran, Anitha
245 ## - TITLE STATEMENT
Title Mister Jeejeebhoy and the birds /
Statement of responsibility, etc written and illustrated by Anitha Balachandran
260 ## - PUBLICATION, DISTRIBUTION, ETC. (IMPRINT)
Place of publication, distribution, etc New Delhi
Name of publisher, distributor, etc Zubaan (Apeejay Press)
Date of publication, distribution, etc 2007
270 ## - ADDRESS
Address 128-B, Ist Floor, Shahpurjat,
City New Delhi
Postal code 110049
300 ## - PHYSICAL DESCRIPTION
Extent Unpaged
Dimensions 28cm(Hb)
650 ## - SUBJECT ADDED ENTRY--TOPICAL TERM
Topical term or geographic name as entry element Children's stories, English
942 ## - ADDED ENTRY ELEMENTS (KOHA)
Source of classification or shelving scheme Dewey Decimal Classification
Item type Children Books
Classification part S
Call number suffix BAL
Holdings
Withdrawn status Lost status Source of classification or shelving scheme Damaged status Not for loan Collection code Home library Current library Date acquired Source of acquisition Cost, normal purchase price Total Checkouts Full call number Barcode Date last seen Copy number Cost, replacement price Koha item type
    Dewey Decimal Classification     Fiction Janak Puri Janak Puri 05/09/2009 DBAD / PUB 395.00 10 S BAL B-357022 27/06/2018 1 395.00 Children Books

© Delhi Public Library
Hit Counter
free hit counter